| 000 | 01274nam a22002417a 4500 | ||
|---|---|---|---|
| 005 | 2010080506496.0 | ||
| 010 | _aHIN-90082-83 | ||
| 020 |
_a8180990818 (भाग-1) _c300.00 |
||
| 020 |
_a8180990850 (भाग-2) _c300.00 |
||
| 035 | _aHN-62428-29 | ||
| 037 | _bDBAD / PUB | ||
| 082 | _aक | ||
| 245 |
_aकथावृत्तः _cकमलेश्वर द्वारा संपादित _b(चुनी हुई कहानियाँ) / |
||
| 246 |
_aKathavrita _bEd by Kamleshwar |
||
| 260 |
_aनई दिल्ली _bझारीसन _c2010 |
||
| 270 |
_aआई-2/16, अंसारी रोड, दरियागंज _bनई दिल्ली _e110002 |
||
| 300 |
_a2भाग (212पृ;200पृ) _c22सेमी (सजिल्द) |
||
| 500 | _a2 भागों में प्रकाशित | ||
| 700 |
_aकमलेश्वर _96534 |
||
| 942 |
_2ddc _cHN _hक _mकथावृ |
||
| 999 |
_c39376 _d39376 |
||